[Event "SR 1. liga zapad 2012/2013"]
[Site "?"]
[Date "2012.10.20"]
[Round "1.6"]
[White "Foldesi, Marek"]
[Black "Ruckschloss, Karol"]
[Result "0-1"]
[WhiteElo "2070"]
[BlackElo "2242"]
[PlyCount "70"]
[EventDate "2012.??.??"]

1. d4 f5 2. Nf3 g6 3. g3 Nf6 4. Bg2 Bg7 5. c4 d6 6. Nc3 c6 7. O-O O-O 8. Qc2
Qa5 9. d5 e5 10. dxe6 Bxe6 11. Qd3 Nbd7 12. Nd2 Qc7 13. Nf3 Ne5 14. Nxe5 dxe5
15. e4 Rad8 16. Qe2 f4 17. b3 g5 18. Ba3 Rf7 19. Rad1 Bf8 20. Rxd8 Qxd8 21. Rd1
Rd7 22. Bxf8 Kxf8 23. Rxd7 Qxd7 24. Bf1 Qd4 25. Qd3 Ke7 26. Kg2 Kd6 27. Qc2 g4
28. gxf4 exf4 29. c5+ Ke5 30. Kg1 Qxc5 31. Qd2 Qd4 32. Qc1 Nxe4 33. Nxe4 Qxe4
34. Qc5+ Kf6 35. Qxa7 Bd5 0-1

[Event "SR 1. liga zapad 2012/2013"]
[Site "?"]
[Date "2012.10.20"]
[Round "1.6"]
[White "Hudoba, Ondrej"]
[Black "Bezuch, Martin"]
[Result "0-1"]
[WhiteElo "2140"]
[BlackElo "2291"]
[PlyCount "118"]
[EventDate "2012.??.??"]

1. e4 g6 2. d4 Bg7 3. Nf3 d6 4. Be2 Nd7 5. O-O e5 6. Nc3 Ngf6 7. dxe5 dxe5 8.
Be3 h6 9. h3 c6 10. Qd2 Qe7 11. Rfd1 g5 12. a3 O-O 13. b4 Re8 14. h4 g4 15. Nh2
h5 16. Nf1 Nh7 17. g3 Ndf8 18. Bh6 Ne6 19. Bxg7 Kxg7 20. Nh2 Nd4 21. Bd3 Nf8
22. Qe3 Qf6 23. Na4 Ng6 24. c3 Nf3+ 25. Nxf3 gxf3 26. Kf1 b6 27. Nb2 Bg4 28.
Ba6 Kh7 29. Ke1 Re7 30. Nd3 Rd8 31. Kd2 Red7 32. Kc2 Qe6 33. a4 f5 34. Nb2 fxe4
35. Bc4 Qf6 36. Rxd7+ Rxd7 37. Rd1 Rxd1 38. Nxd1 Bf5 39. Kc1 Ne7 40. Qd2 Be6
41. Bxe6 Qxe6 42. Qg5 Qh6 43. Qxh6+ Kxh6 44. Kd2 Kg6 45. Ke3 Kf5 46. c4 b5 47.
axb5 cxb5 48. Kd2 bxc4 49. Kc3 Ke6 50. Kxc4 Nf5 51. Kc5 e3 52. fxe3 Nxg3 53.
Nf2 Nf5 54. e4 Ne3 55. Nh3 Kf6 56. Kb5 Ng4 57. Kc6 f2 58. Nxf2 Nxf2 59. Kb7
Nxe4 0-1

[Event "SR 1. liga zapad 2012/2013"]
[Site "?"]
[Date "2012.10.20"]
[Round "1.6"]
[White "Kolcak, Marek"]
[Black "Bencok, Ladislav"]
[Result "1-0"]
[WhiteElo "2167"]
[BlackElo "1859"]
[PlyCount "41"]
[EventDate "2012.??.??"]

1. e4 c5 2. Nf3 d6 3. d4 cxd4 4. Nxd4 Nf6 5. Nc3 g6 6. Be3 Bg7 7. f3 O-O 8. Qd2
Nc6 9. g4 h5 10. gxh5 Nxh5 11. O-O-O Bd7 12. Be2 Qa5 13. Rhg1 Nxd4 14. Bxd4
Bxd4 15. Qxd4 Nf4 16. Bc4 Qh5 17. e5 Ne6 18. Qe3 Qxh2 19. exd6 exd6 20. Nd5 Kg7
21. Rh1 1-0

[Event "SR 1. liga zapad 2012/2013"]
[Site "?"]
[Date "2012.10.20"]
[Round "1.6"]
[White "Lecky, Juraj"]
[Black "Sulek, Viliam"]
[Result "0-1"]
[WhiteElo "1810"]
[BlackElo "2062"]
[PlyCount "140"]
[EventDate "2012.??.??"]

1. e4 c5 2. Nf3 Nc6 3. d4 cxd4 4. Nxd4 Nf6 5. Nc3 d6 6. Bc4 e6 7. Bb3 Be7 8.
Be3 O-O 9. Qe2 Bd7 10. O-O-O Nxd4 11. Bxd4 Bc6 12. g4 Qa5 13. Rhg1 Nd7 14. Kb1
Nc5 15. e5 Nxb3 16. axb3 dxe5 17. Bxe5 Rad8 18. f4 Rxd1+ 19. Rxd1 Rd8 20. Rxd8+
Qxd8 21. Qe3 a6 22. g5 Bd6 23. Qd4 Bc7 24. Qxd8+ Bxd8 25. Kc1 f6 26. gxf6 gxf6
27. Bd6 Bb6 28. Kd2 Kf7 29. Ke2 Kg6 30. Kd3 Kf5 31. Na4 Bg1 32. h3 Be4+ 33. Kd2
Bg2 34. Nc5 Bxc5 35. Bxc5 Kxf4 36. h4 Kg4 37. Be7 Kxh4 38. Bxf6+ Kg4 39. Ke3 h5
40. Kf2 Bc6 41. Be5 Kf5 42. Bh2 Be4 43. c3 Bc2 44. b4 Ke4 45. Ke2 Bb3 46. Kf2
Kd3 47. Be5 Bc4 48. Kg3 Kc2 49. Kf3 Kxb2 50. Ke3 Kc2 51. Bf6 Bf1 52. Kf2 Bb5
53. Ke3 b6 54. Kd4 Kb3 55. Bd8 a5 56. bxa5 bxa5 57. Bxa5 h4 58. Bc7 h3 59. Bh2
Kc2 60. c4 Ba6 61. c5 Kd2 62. Ke5 Bc8 63. Kf4 Ke2 64. Kg3 e5 65. Bg1 e4 66. c6
Kd3 67. Kf2 Kd2 68. Kg3 e3 69. Kf3 e2 70. Be3+ Kd1 0-1

[Event "SR 1. liga zapad 2012/2013"]
[Site "?"]
[Date "2012.10.20"]
[Round "1.6"]
[White "Petran, Peter"]
[Black "Chlpik, Martin"]
[Result "1-0"]
[WhiteElo "2277"]
[BlackElo "2099"]
[PlyCount "66"]
[EventDate "2012.??.??"]

1. g3 g6 2. Bg2 Bg7 3. e4 c5 4. Ne2 Nc6 5. O-O d6 6. c3 Nf6 7. d4 O-O 8. h3 a6
9. Be3 Nd7 10. f4 Na5 11. Na3 b5 12. b4 cxb4 13. cxb4 Nb7 14. Rc1 Nb6 15. Qb3
a5 16. Nxb5 axb4 17. Qxb4 Ra4 18. Qb3 Na5 19. Qc2 Nac4 20. Bf2 Ba6 21. Nbc3 Rb4
22. Ra1 Qd7 23. a4 Rb2 24. Qc1 Rc8 25. Re1 Rb3 26. Rb1 Rxb1 27. Qxb1 Nxa4 28.
Nxa4 Qxa4 29. Nc3 Qe8 30. Qa2 Ra8 31. e5 Ra7 32. Ra1 Qd8 33. Bd5 Qc8 1-0

[Event "SR 1. liga zapad 2012/2013"]
[Site "?"]
[Date "2012.10.20"]
[Round "1.6"]
[White "Privara, Igor"]
[Black "Svaralova, Monika"]
[Result "1-0"]
[WhiteElo "2278"]
[BlackElo "2021"]
[PlyCount "105"]
[EventDate "2012.??.??"]

1. e4 e6 2. d4 d5 3. e5 c5 4. c3 Nc6 5. Nf3 Bd7 6. dxc5 Bxc5 7. Bd3 Nge7 8. O-O
Ng6 9. Re1 Qc7 10. Qe2 O-O 11. b4 Be7 12. Na3 a6 13. Nc2 f6 14. Bxg6 hxg6 15.
exf6 Bxf6 16. Ncd4 e5 17. Nxc6 bxc6 18. Bb2 e4 19. Nd4 Bh4 20. g3 Bf6 21. c4
Qb6 22. Qd2 Bg4 23. Rac1 Qb7 24. cxd5 cxd5 25. Rc6 Qd7 26. Rec1 Ra7 27. a4 Bf3
28. Nxf3 Bxb2 29. Qxb2 exf3 30. Qe5 Re8 31. Qd6 Qxd6 32. Rxd6 Rb7 33. Rxd5 Rxb4
34. a5 Rbe4 35. Rf1 R8e5 36. Rxe5 Rxe5 37. Ra1 Kf7 38. h3 Ke6 39. g4 Kd5 40.
Kh2 Re6 41. Kg3 Rf6 42. Rb1 g5 43. Rb7 g6 44. Rb3 Kc5 45. h4 gxh4+ 46. Kxh4 Rd6
47. Kg3 Rf6 48. Rxf3 Rxf3+ 49. Kxf3 Kb5 50. Ke3 Kxa5 51. f4 Kb5 52. f5 gxf5 53.
g5 1-0

[Event "SR 1. liga zapad 2012/2013"]
[Site "?"]
[Date "2012.10.20"]
[Round "1.6"]
[White "Szucs, Vladimir"]
[Black "Certek, Pavel"]
[Result "1/2-1/2"]
[WhiteElo "2235"]
[BlackElo "2315"]
[PlyCount "70"]
[EventDate "2012.??.??"]

1. d4 Nf6 2. c4 g6 3. Nc3 d5 4. Nf3 Bg7 5. Bf4 O-O 6. Rc1 c6 7. e3 Be6 8. c5 b6
9. b4 a5 10. a3 axb4 11. axb4 bxc5 12. bxc5 Ra3 13. Be2 Qa5 14. Qd2 Nbd7 15.
O-O Nh5 16. Bg5 f6 17. Bh4 Bh6 18. Nb1 Qxd2 19. Nfxd2 Ra2 20. g4 g5 21. Bxg5
Bxg5 22. gxh5 Bh3 23. Rfd1 Kh8 24. Kh1 e5 25. Nc3 Rb2 26. Nf3 Bh6 27. Rb1 Rc2
28. Rb3 Rg8 29. Ne1 exd4 30. exd4 Bf5 31. Nxc2 Bxc2 32. Rb7 Bxd1 33. Nxd1 Rd8
34. Ne3 Nf8 35. Nf5 Bf4 1/2-1/2

[Event "SR 1. liga zapad 2012/2013"]
[Site "?"]
[Date "2012.10.20"]
[Round "1.6"]
[White "Zetocha, Claudiu"]
[Black "Zatko, Gregor"]
[Result "1/2-1/2"]
[WhiteElo "2360"]
[BlackElo "2148"]
[PlyCount "40"]
[EventDate "2012.??.??"]

1. e4 g6 2. d4 Bg7 3. Nf3 d6 4. Bc4 e6 5. Bb3 Ne7 6. O-O Nd7 7. c3 b6 8. Nbd2
Bb7 9. Re1 O-O 10. Nf1 c5 11. Ng3 a6 12. h4 cxd4 13. cxd4 e5 14. h5 exd4 15.
hxg6 hxg6 16. Nxd4 Nc5 17. Bc2 Nc6 18. Be3 Ne5 19. b4 Ncd7 20. Bb3 Qh4 1/2-1/2

[Event "SR 1. liga zapad 2012/2013"]
[Site "?"]
[Date "2012.10.21"]
[Round "2.1"]
[White "Doucha, Ludvik"]
[Black "Silhar, Martin"]
[Result "1-0"]
[WhiteElo "2072"]
[BlackElo "1686"]
[PlyCount "77"]
[EventDate "2012.??.??"]

1. e4 c5 2. c4 Nc6 3. Ne2 g6 4. d4 cxd4 5. Nxd4 Bg7 6. Be3 d6 7. Be2 Nf6 8. Nc3
a6 9. O-O O-O 10. Qd2 Nxd4 11. Bxd4 Be6 12. Rac1 Qc7 13. b3 Rad8 14. f3 Bd7 15.
Qe3 Qb8 16. Ba7 Bh6 17. Qf2 Qc8 18. Rc2 Bc6 19. Bb6 Rde8 20. Rd1 Nd7 21. Bd4 f5
22. Qh4 Bg7 23. Bxg7 Kxg7 24. exf5 Rxf5 25. Qd4+ Rf6 26. Rdd2 Nc5 27. b4 Ne6
28. Qe3 Nf4 29. Bf1 Ref8 30. Nd5 Bxd5 31. cxd5 Qf5 32. Qxe7+ R8f7 33. Qe3 Qg5
34. Kh1 Rf5 35. Qc3+ R7f6 36. Qc7+ Kh6 37. Qxb7 Nxd5 38. Rf2 Ne3 39. Rc7 1-0

[Event "SR 1. liga zapad 2012/2013"]
[Site "?"]
[Date "2012.10.21"]
[Round "2.1"]
[White "Drtina, Milan"]
[Black "Kimerling, Martin"]
[Result "0-1"]
[WhiteElo "2202"]
[BlackElo "2027"]
[PlyCount "66"]
[EventDate "2012.??.??"]

1. e4 g6 2. d4 Bg7 3. c4 d6 4. Nc3 Nf6 5. Be2 O-O 6. Nf3 e5 7. d5 a5 8. O-O Na6
9. Qc2 Nc5 10. Ne1 Ne8 11. Nd3 Nxd3 12. Bxd3 f5 13. f4 fxe4 14. Nxe4 Nf6 15.
fxe5 Nxe4 16. Rxf8+ Qxf8 17. Bxe4 Bxe5 18. Be3 Qf6 19. Rf1 Bxh2+ 20. Kxh2 Qxf1
21. Bxg6 Qf6 22. Bxh7+ Kf7 23. Bd2 Bd7 24. Bc3 Qh6+ 25. Kg1 Rf8 26. Qd3 Ke7 27.
Bd4 Qc1+ 28. Kh2 Rf1 29. Qe2+ Kd8 30. Be3 Rh1+ 31. Kg3 Qe1+ 32. Qxe1 Rxe1 33.
Bg5+ Kc8 0-1

[Event "SR 1. liga zapad 2012/2013"]
[Site "?"]
[Date "2012.10.21"]
[Round "2.1"]
[White "Hajtmanek, Stanislav"]
[Black "Miklas, Marian"]
[Result "1/2-1/2"]
[WhiteElo "1764"]
[BlackElo "2142"]
[PlyCount "47"]
[EventDate "2012.??.??"]

1. d4 Nf6 2. c4 g6 3. Nc3 Bg7 4. e4 d6 5. f4 c5 6. d5 O-O 7. Bd3 e6 8. Nf3 exd5
9. cxd5 Re8 10. O-O Na6 11. a3 Nc7 12. Rb1 b5 13. e5 dxe5 14. fxe5 Nfxd5 15.
Nxb5 Nxb5 16. Bxb5 Bd7 17. Bxd7 Qxd7 18. Ng5 Bxe5 19. Rxf7 Bd4+ 20. Kh1 Re7 21.
Rxe7 Qxe7 22. Bd2 Be3 23. Qb3 Rd8 24. Re1 1/2-1/2

[Event "SR 1. liga zapad 2012/2013"]
[Site "?"]
[Date "2012.10.21"]
[Round "2.1"]
[White "Janos, Ivan"]
[Black "Vass, Frantisek"]
[Result "1/2-1/2"]
[WhiteElo "2145"]
[BlackElo "2292"]
[PlyCount "107"]
[EventDate "2012.??.??"]

1. e4 e6 2. d4 d5 3. Nc3 Nf6 4. Bg5 Bb4 5. e5 Bxc3+ 6. bxc3 h6 7. Be3 Ne4 8.
Qg4 g6 9. Bd3 Nxc3 10. Nf3 Qe7 11. O-O Bd7 12. a3 Nc6 13. Bd2 Na4 14. Rfb1
O-O-O 15. c4 dxc4 16. Bxc4 Qe8 17. Qe4 Nb6 18. Be2 Ne7 19. Qc2 Bc6 20. Rc1 Qd7
21. Bb4 g5 22. Bxe7 Qxe7 23. a4 a6 24. a5 Nd5 25. Rab1 Kd7 26. Nd2 Ke8 27. Ne4
Nb4 28. Nf6+ Qxf6 29. Rxb4 Qe7 30. Qc3 Kf8 31. Bh5 Kg7 32. h3 Rd7 33. Rb2 Rhd8
34. Rd2 Bb5 35. Bf3 c6 36. g3 Rb8 37. Re1 b6 38. axb6 Rxb6 39. Qe3 a5 40. d5
Ra6 41. d6 Qd8 42. h4 f6 43. exf6+ Qxf6 44. hxg5 hxg5 45. Qxe6 c5 46. Qb3 Raxd6
47. Rxd6 Rxd6 48. Qxb5 Qxf3 49. Qxc5 Qd5 50. Qc3+ Kg6 51. Re5 Qd1+ 52. Re1 Qd5
53. Re5 Qd1+ 54. Re1 1/2-1/2

[Event "SR 1. liga zapad 2012/2013"]
[Site "?"]
[Date "2012.10.21"]
[Round "2.1"]
[White "Lanc, Alois"]
[Black "Frindt, Kornel"]
[Result "0-1"]
[WhiteElo "2402"]
[BlackElo "2189"]
[PlyCount "120"]
[EventDate "2012.??.??"]

1. e4 c5 2. Nf3 Nc6 3. Bb5 g6 4. O-O Bg7 5. Bxc6 dxc6 6. d3 e5 7. h3 Qe7 8. Bg5
Nf6 9. Nc3 h6 10. Be3 Nd7 11. Nd2 Nf8 12. f4 exf4 13. Bxf4 Ne6 14. Bh2 O-O 15.
Nc4 Rd8 16. e5 f6 17. exf6 Bxf6 18. Qd2 Bg5 19. Qd1 Bf6 20. Ne4 Bd4+ 21. Kh1
Ng5 22. Bd6 Qe6 23. Nxg5 hxg5 24. Bc7 Rd7 25. Re1 Qd5 26. Bh2 Rd8 27. Ne3 Qf7
28. c3 Bg7 29. Nc4 Qd5 30. Ne3 Qf7 31. Rf1 Qe7 32. Ng4 Bf5 33. Qb3+ Be6 34.
Rae1 Re8 35. Qa4 Qd8 36. Ne5 Bf5 37. d4 cxd4 38. cxd4 Qd5 39. Qb3 Qxb3 40. axb3
Rad8 41. Nf3 g4 42. Rxe8+ Rxe8 43. hxg4 Bxg4 44. Ne5 Bf5 45. Rc1 Rd8 46. Bg1
Rd5 47. g4 Be4+ 48. Kh2 Rb5 49. Rc3 c5 50. Nd7 cxd4 51. Rc8+ Kf7 52. Bf2 Bc6
53. Nb8 Be5+ 54. Bg3 Bxg3+ 55. Kxg3 Rxb3+ 56. Kf4 Be8 57. Ke5 Ke7 58. Kxd4 Rxb2
59. g5 a5 60. Rc5 Rb5 0-1

[Event "SR 1. liga zapad 2012/2013"]
[Site "?"]
[Date "2012.10.21"]
[Round "2.1"]
[White "Michal, Silvio"]
[Black "Lukac, Roman"]
[Result "1-0"]
[WhiteElo "2105"]
[BlackElo "2127"]
[PlyCount "79"]
[EventDate "2012.??.??"]

1. c4 e5 2. Nc3 Nf6 3. Nf3 Nc6 4. d4 exd4 5. Nxd4 Bc5 6. e3 O-O 7. Be2 Re8 8.
O-O a6 9. b3 d6 10. Bb2 Bd7 11. Bf3 Rb8 12. Nxc6 bxc6 13. Na4 Ba7 14. c5 Re6
15. Qc2 Qe7 16. Rfd1 Ne4 17. cxd6 cxd6 18. Bxe4 Rxe4 19. Nc3 Rg4 20. Ne2 d5 21.
Rac1 h5 22. Bd4 Bxd4 23. Rxd4 Qg5 24. Rxg4 Qxg4 25. Nd4 Rc8 26. Qd3 h4 27. h3
Qg5 28. Kf1 c5 29. Nf3 Qh5 30. Qxa6 Rc6 31. Qe2 Rf6 32. Nh2 Qe5 33. Nf3 Qe4 34.
Qc2 Bb5+ 35. Kg1 Bd3 36. Qxc5 Rxf3 37. Qc8+ Kh7 38. gxf3 Qxf3 39. Qg4 Qf6 40.
Qh5+ 1-0

[Event "SR 1. liga zapad 2012/2013"]
[Site "?"]
[Date "2012.10.21"]
[Round "2.1"]
[White "Nicolini, Alexander"]
[Black "Pekar, Jozef"]
[Result "1-0"]
[WhiteElo "2134"]
[BlackElo "1923"]
[PlyCount "57"]
[EventDate "2012.??.??"]

1. e4 c6 2. d4 d5 3. exd5 cxd5 4. Bd3 Nc6 5. c3 Nf6 6. h3 g6 7. Nf3 Bg7 8. O-O
O-O 9. Re1 b6 10. Bf4 Bb7 11. Nbd2 Rc8 12. Rc1 e6 13. Bg5 Qd6 14. Ne5 Nd7 15.
Nxd7 Qxd7 16. Nf3 f6 17. Bf4 Rce8 18. c4 Kh8 19. cxd5 exd5 20. Qa4 Rxe1+ 21.
Rxe1 Re8 22. Rc1 Rc8 23. a3 Ne5 24. Rxc8+ Bxc8 25. Qxd7 Nxd7 26. Bb5 f5 27. Bc6
Nf6 28. Be5 Bd7 29. Bb7 {èas} 1-0

[Event "SR 1. liga zapad 2012/2013"]
[Site "?"]
[Date "2012.10.21"]
[Round "2.1"]
[White "Tibensky, Robert"]
[Black "Likavsky, Tomas"]
[Result "0-1"]
[WhiteElo "2396"]
[BlackElo "2449"]
[PlyCount "76"]
[EventDate "2012.??.??"]

1. d4 Nf6 2. c4 e6 3. Nc3 Bb4 4. g3 c5 5. Nf3 O-O 6. Bg2 d5 7. cxd5 Nxd5 8. Qd3
cxd4 9. Nxd4 Nxc3 10. bxc3 Be7 11. Bf4 a6 12. O-O Nd7 13. Nb3 e5 14. Be3 Qc7
15. a4 Rd8 16. a5 Nf6 17. Qc2 Nd5 18. Bd2 Be6 19. Rfc1 Rac8 20. Qb2 Qc4 21. Be1
Bg5 22. Bd2 Bxd2 23. Nxd2 Qxe2 24. Bf1 Qh5 25. c4 Nf6 26. Re1 Rd4 27. Ra3 Rcd8
28. Nf3 Rd1 29. Be2 Rxe1+ 30. Nxe1 Bg4 31. Rd3 Re8 32. Bf1 e4 33. Re3 Bc8 34.
Ra3 Ng4 35. h4 Qc5 36. Ra1 e3 37. Nd3 exf2+ 38. Nxf2 Re3 0-1

[Event "SR 1. liga zapad 2012/2013"]
[Site "?"]
[Date "2012.10.21"]
[Round "2.2"]
[White "Chovanec, Vladimir"]
[Black "Bednar, Jan"]
[Result "0-1"]
[WhiteElo "2095"]
[BlackElo "2143"]
[PlyCount "62"]
[EventDate "2012.??.??"]

1. e4 c6 2. Nf3 d5 3. exd5 cxd5 4. Ne5 Nf6 5. d4 g6 6. Bd3 Bg7 7. O-O O-O 8. c3
Nc6 9. f4 e6 10. Nd2 Nd7 11. Ndf3 f6 12. Ng4 Nb6 13. Nf2 Qc7 14. Be3 Bd7 15. b3
e5 16. dxe5 fxe5 17. Bxb6 axb6 18. Bb5 Nd4 19. Nxd4 exd4 20. c4 Rxf4 21. Nd3
Rxf1+ 22. Qxf1 Bxb5 23. cxb5 Qc2 24. Nb4 Qc5 25. Nd3 Qxb5 26. Qf3 Rf8 27. Nf4
d3 28. Rd1 Qc5+ 29. Kh1 d2 30. Qxd5+ Qxd5 31. Nxd5 Re8 0-1

[Event "SR 1. liga zapad 2012/2013"]
[Site "?"]
[Date "2012.10.21"]
[Round "2.2"]
[White "Danada, Tomas"]
[Black "Federic, Jozef"]
[Result "1/2-1/2"]
[WhiteElo "2098"]
[BlackElo "2299"]
[PlyCount "79"]
[EventDate "2012.??.??"]

1. d4 d5 2. Nf3 Nf6 3. c4 e6 4. g3 Be7 5. Bg2 O-O 6. O-O c6 7. Nc3 b6 8. Ne5
Bb7 9. Qd3 Nbd7 10. cxd5 cxd5 11. Nxd7 Qxd7 12. Bf4 a6 13. Rfc1 Rfc8 14. Rc2 b5
15. Rac1 b4 16. Nb1 Rxc2 17. Rxc2 Rc8 18. Nd2 Qa4 19. Qb3 Qe8 20. Qd3 Qa4 21.
Qb3 Qd7 22. Qd3 Rxc2 23. Qxc2 Qc6 24. Qxc6 Bxc6 25. Nb3 Bb5 26. Kf1 Kf8 27. Ke1
Ke8 28. h3 Kd8 29. Nc5 Bxc5 30. dxc5 Kd7 31. Bd2 a5 32. a3 bxa3 33. bxa3 a4 34.
Bc3 Ne8 35. e4 Bc6 36. exd5 Bxd5 37. Bf1 Kc6 38. Bd4 f6 39. Kd2 Nc7 40. Kc3
1/2-1/2

[Event "SR 1. liga zapad 2012/2013"]
[Site "?"]
[Date "2012.10.21"]
[Round "2.2"]
[White "Helbich, Branislav"]
[Black "Danada, Ondrej"]
[Result "1/2-1/2"]
[WhiteElo "2036"]
[BlackElo "1882"]
[PlyCount "63"]
[EventDate "2012.??.??"]

1. e4 c6 2. d4 d5 3. e5 c5 4. c3 Nc6 5. f4 cxd4 6. cxd4 Qb6 7. Nf3 Bg4 8. Be2
Bxf3 9. Bxf3 Qxd4 10. Qe2 Qb4+ 11. Qd2 Qxd2+ 12. Bxd2 e6 13. Nc3 Nge7 14. Nb5
Kd7 15. Nd6 f6 16. Nxb7 fxe5 17. fxe5 Nxe5 18. Be2 N7c6 19. a3 Rb8 20. Ba6 Kc7
21. Na5 Rxb2 22. Nxc6 Nxc6 23. Rf1 Kb6 24. Bd3 Ne5 25. Be2 Bd6 26. Bc3 Rb3 27.
Bd4+ Kb7 28. Bd1 Rb5 29. Be2 Rb3 30. Bd1 Rb5 31. Be2 Rb3 32. Bd1 1/2-1/2

[Event "SR 1. liga zapad 2012/2013"]
[Site "?"]
[Date "2012.10.21"]
[Round "2.2"]
[White "Karas, Marek"]
[Black "Antol, Ladislav"]
[Result "1/2-1/2"]
[WhiteElo "1951"]
[BlackElo "2077"]
[PlyCount "49"]
[EventDate "2012.??.??"]

1. d4 Nf6 2. c4 e5 3. dxe5 Ng4 4. Nf3 Bc5 5. e3 Nc6 6. Nc3 Ngxe5 7. Be2 d6 8.
O-O O-O 9. Nxe5 Nxe5 10. b3 f5 11. Bb2 c6 12. Na4 Bb4 13. c5 b5 14. cxb6 axb6
15. f4 b5 16. fxe5 bxa4 17. bxa4 Be6 18. exd6 Qxd6 19. Qxd6 Bxd6 20. Bf3 Rfc8
21. Rfd1 Be7 22. Rdc1 Rxa4 23. Rxc6 Rxc6 24. Bxc6 Rxa2 25. Rxa2 1/2-1/2

[Event "SR 1. liga zapad 2012/2013"]
[Site "?"]
[Date "2012.10.21"]
[Round "2.2"]
[White "Machalova, Veronika"]
[Black "Novak, Ivan"]
[Result "1-0"]
[WhiteElo "2211"]
[BlackElo "2193"]
[PlyCount "89"]
[EventDate "2012.??.??"]

1. e4 a6 2. Nf3 b5 3. d4 Bb7 4. Bd3 Nf6 5. Qe2 e6 6. O-O c5 7. c3 d5 8. e5 Nfd7
9. Be3 c4 10. Bc2 a5 11. Nbd2 Nb6 12. Ng5 g6 13. Qf3 Qe7 14. Qh3 h6 15. Ngf3
Bg7 16. Nh4 g5 17. Nhf3 Nc6 18. Qg4 O-O-O 19. h4 h5 20. Qxg5 f6 21. exf6 Bxf6
22. Qg3 Rdg8 23. Bg5 Nd8 24. Rae1 Nd7 25. Qh3 Kb8 26. Bf4+ Ka8 27. Ng5 Nf8 28.
Ndf3 Ng6 29. Bxg6 Rxg6 30. Re3 Bc8 31. Ne5 Bxe5 32. Bxe5 Rf8 33. Rf3 Kb7 34.
Rxf8 Qxf8 35. Re1 Nf7 36. Qf3 Rxg5 37. hxg5 Qg8 38. Bf6 Qg6 39. Qg3 Qc2 40. g6
Nh6 41. Bd8 Ka7 42. Qc7+ Bb7 43. Qxa5+ Kb8 44. Bc7+ Kc8 45. Bf4 1-0

[Event "SR 1. liga zapad 2012/2013"]
[Site "?"]
[Date "2012.10.21"]
[Round "2.2"]
[White "Rohacek, Miroslav"]
[Black "Hajek, Lukas"]
[Result "1/2-1/2"]
[WhiteElo "2308"]
[BlackElo "2155"]
[PlyCount "73"]
[EventDate "2012.??.??"]

1. c4 Nf6 2. Nc3 d5 3. cxd5 Nxd5 4. g3 g6 5. Bg2 Nb6 6. d3 Bg7 7. Be3 Nc6 8.
Qd2 Nd4 9. Rc1 Nf5 10. Bc5 O-O 11. e4 Nd4 12. Nge2 Bh3 13. O-O Bxg2 14. Kxg2
Nxe2 15. Nxe2 Qd7 16. Be3 c6 17. Rfd1 Rfd8 18. Qb4 Nc8 19. a4 Nd6 20. h4 h5 21.
Qa3 b6 22. f3 c5 23. b4 cxb4 24. Qxb4 Rac8 25. Bg5 Rxc1 26. Rxc1 Rc8 27. Rxc8+
Nxc8 28. Qb3 e6 29. Be3 Ne7 30. Kf2 Nc6 31. Qb5 Ne5 32. Nc1 Kf8 33. Qb3 Nc6 34.
Na2 Ke8 35. Qb5 Nd4 36. Qc4 Qc6 37. Qxc6+ 1/2-1/2

[Event "SR 1. liga zapad 2012/2013"]
[Site "?"]
[Date "2012.10.21"]
[Round "2.2"]
[White "Schwarz, Dusan"]
[Black "Maslik, Miroslav"]
[Result "0-1"]
[WhiteElo "2305"]
[BlackElo "2376"]
[PlyCount "82"]
[EventDate "2012.??.??"]

1. d4 Nf6 2. c4 g6 3. Nc3 Bg7 4. e4 O-O 5. Nge2 d6 6. f3 c5 7. d5 e6 8. Ng3
exd5 9. cxd5 Na6 10. Be2 Nc7 11. a4 Rb8 12. Bg5 a6 13. Qd2 b5 14. axb5 axb5 15.
O-O b4 16. Nd1 Bd7 17. Bh6 Nb5 18. Bxg7 Kxg7 19. Bxb5 Bxb5 20. Re1 Nd7 21. Ne3
Ne5 22. Ra7 Kg8 23. Rea1 Qf6 24. b3 Rfd8 25. R1a2 h5 26. Ne2 Rd7 27. Rxd7 Nxd7
28. Nd1 Bxe2 29. Qxe2 Qd4+ 30. Kf1 Ne5 31. Rd2 Qa1 32. f4 Nd7 33. g3 Re8 34.
Kg2 Qb1 35. Rd3 c4 36. bxc4 Nc5 37. Re3 Rxe4 38. f5 Rxe3 39. Nxe3 Qe4+ 40. Kg1
b3 41. fxg6 fxg6 0-1

[Event "SR 1. liga zapad 2012/2013"]
[Site "?"]
[Date "2012.10.21"]
[Round "2.3"]
[White "Barczi, Viktor"]
[Black "Pericka, Tomas"]
[Result "1/2-1/2"]
[WhiteElo "1997"]
[BlackElo "2029"]
[PlyCount "123"]
[EventDate "2012.??.??"]

1. e4 c5 2. Nc3 Nc6 3. g3 g6 4. Bg2 Bg7 5. d3 d6 6. f4 Nf6 7. Nf3 h5 8. h3 Bd7
9. Be3 a6 10. e5 Ng8 11. exd6 exd6 12. Ne4 Qe7 13. O-O h4 14. Re1 O-O-O 15. g4
Nf6 16. Bf2 Nxe4 17. Rxe4 Qf6 18. g5 Qxb2 19. Rb1 Qxa2 20. d4 d5 21. Re2 Nxd4
22. Nxd4 Bxd4 23. Bxd4 cxd4 24. c4 Qa3 25. Qxd4 Rhe8 26. Rc2 Bf5 27. Rc3 Qxc3
28. Qxc3 Bxb1 29. cxd5+ Kb8 30. Qb4 Bf5 31. d6 Rd7 32. Bf1 Re6 33. Bxa6 Rexd6
34. Bf1 Rd1 35. Kf2 Be6 36. Qf8+ Rd8 37. Qb4 R1d4 38. Qa5 Rxf4+ 39. Ke3 Rfd4
40. Qe5+ R4d6 41. Qf4 Bf5 42. Qxh4 Re8+ 43. Kf3 Be4+ 44. Kg3 Rd5 45. Qf4+ Ka8
46. Qxf7 Rxg5+ 47. Kh2 Bc6 48. h4 Rg4 49. Kh3 Ree4 50. Qf8+ Be8 51. Qa3+ Ra4
52. Qe7 Rxh4+ 53. Kg3 Rhe4 54. Qd8+ Ka7 55. Bg2 Rg4+ 56. Kh3 Bb5 57. Qc8 Rh4+
58. Kg3 Rag4+ 59. Kf2 Rf4+ 60. Kg3 Ba6 61. Qc5+ Kb8 62. Qd6+ 1/2-1/2

[Event "SR 1. liga zapad 2012/2013"]
[Site "?"]
[Date "2012.10.21"]
[Round "2.3"]
[White "Bona, Zoltan"]
[Black "Vach, Pavol"]
[Result "1-0"]
[WhiteElo "1948"]
[BlackElo "2092"]
[PlyCount "141"]
[EventDate "2012.??.??"]

1. e4 e6 2. d4 d5 3. exd5 exd5 4. Nf3 Nf6 5. Bg5 c5 6. Bb5+ Nc6 7. O-O a6 8.
Re1+ Be6 9. Bd3 Be7 10. dxc5 Qa5 11. Nbd2 Qxc5 12. Nb3 Qd6 13. h3 O-O 14. c3 h6
15. Bh4 Nh5 16. Bxe7 Nxe7 17. Nbd4 Nf4 18. Nxe6 fxe6 19. Bc2 Rae8 20. Qd4 Nxh3+
21. gxh3 Rxf3 22. Qg4 Rf6 23. Re2 e5 24. Rd1 Ref8 25. Qg2 Kh8 26. Kh1 Qe6 27.
Rd3 e4 28. Rg3 Rg6 29. c4 Rxg3 30. fxg3 dxc4 31. Rxe4 Qd7 32. Kh2 b5 33. Re2
Ng8 34. Rd2 Qc7 35. Qe4 Nf6 36. Qe6 a5 37. Qf5 b4 38. Re2 Rd8 39. Qf3 Qc5 40.
Kg2 Qd5 41. Qxd5 Nxd5 42. Kf3 Rf8+ 43. Kg2 Kg8 44. Re5 Rd8 45. Bf5 c3 46. bxc3
bxc3 47. Kf3 Kf7 48. Bc2 Kf6 49. Ke4 Nb4 50. Rf5+ Ke7 51. Bb3 c2 52. Rc5 Rd2
53. a3 Rd3 54. axb4 Rxb3 55. bxa5 Rxg3 56. Rxc2 Ra3 57. Rc7+ Kf6 58. Rc6+ Kg5
59. a6 g6 60. Rc5+ Kh4 61. Rc6 Kh5 62. h4 Ra4+ 63. Kd5 Rxh4 64. Rc4 Rh1 65. Ra4
Rd1+ 66. Kc6 Rc1+ 67. Kd7 Rb1 68. a7 Rb7+ 69. Ke6 Rxa7 70. Rxa7 g5 71. Kf5 1-0

[Event "SR 1. liga zapad 2012/2013"]
[Site "?"]
[Date "2012.10.21"]
[Round "2.3"]
[White "Diviak, Rastislav"]
[Black "Kral, Klaudia"]
[Result "1/2-1/2"]
[WhiteElo "2017"]
[BlackElo "1871"]
[PlyCount "39"]
[EventDate "2012.??.??"]

1. e4 c5 2. Nf3 e6 3. d4 cxd4 4. Nxd4 Nc6 5. Nb5 d6 6. c4 Nf6 7. N1c3 a6 8. Na3
b6 9. Be2 Bb7 10. O-O Qc7 11. Be3 Be7 12. Qd2 O-O 13. f3 Ne5 14. Rac1 Rac8 15.
Nab1 Qb8 16. b3 Bc6 17. a4 Rfd8 18. Rfd1 Qb7 19. Qb2 Ng6 20. Rd2 1/2-1/2

[Event "SR 1. liga zapad 2012/2013"]
[Site "?"]
[Date "2012.10.21"]
[Round "2.3"]
[White "Dolnik, Attila"]
[Black "Bury, Rastislav"]
[Result "1-0"]
[WhiteElo "2156"]
[BlackElo "2099"]
[PlyCount "81"]
[EventDate "2012.??.??"]

1. e4 c5 2. c3 Qa5 3. Nf3 Nc6 4. Na3 Nf6 5. e5 Nd5 6. Bc4 e6 7. O-O Nb6 8. d4
cxd4 9. b4 Nxb4 10. cxb4 Bxb4 11. Qd3 Bxa3 12. Bxe6 Bxc1 13. Bxf7+ Kxf7 14.
Rfxc1 Qd5 15. Rc7 h6 16. e6+ Ke7 17. Re1 Kd8 18. Rcc1 Re8 19. Nxd4 dxe6 20. Qg3
Re7 21. Nb3 Bd7 22. Rc5 Bc6 23. Rxd5+ Bxd5 24. Nc5 Rc8 25. Qd6+ Nd7 26. Nd3 Rc6
27. Qf4 Rc4 28. Qd2 Nf6 29. f3 Rec7 30. Ne5 Nd7 31. Nxc4 Rxc4 32. Qa5+ Nb6 33.
Qxa7 Kc7 34. Qa5 Kc6 35. a3 g5 36. Rb1 Nd7 37. Qb5+ Kd6 38. Rd1 Ke7 39. h3 Rc5
40. Qb2 Nf6 41. Qb4 1-0